Процесс. Рассказы: пер. с нем.

Détails bibliographiques
Auteur principal: Кафка Ф. Франц
Résumé:Франц Кафка — возможно, самая странная фигура европейской литературы XX столетия. Критики привязывают его ко всем литературным направлениям по очереди, называя и основоположником абсурдизма, и классиком магического реализма, и мастером модернизма, и предшественником экзистенциалистов. Его герои ищут ответы на незаданные вопросы, блуждая в тумане, на грани реальности, пустоты и ужаса, приковывая к себе взгляды все новых поколений читателей. В сборнике представлены самые известные произведения великого австрийца.
Langue:russe
Publié: Москва, Эксмо, 2015
Collection:Библиотека всемирной литературы
Sujets:
Format: MixedMaterials Livre
KOHA link:https://koha.lib.tpu.ru/cgi-bin/koha/opac-detail.pl?biblionumber=341369

MARC

LEADER 00000nam0a2200000 4500
001 341369
005 20231102005334.0
010 |a 9785699805990 
035 |a (RuTPU)RU\TPU\book\369240 
090 |a 341369 
100 |a 20180912d2015 m y0rusy50 ca 
101 1 |a rus  |c ger 
102 |a RU 
105 |a y z 000ay 
200 1 |a Процесс. Рассказы  |e пер. с нем.  |f Ф. Кафка 
210 |a Москва  |c Эксмо  |d 2015 
215 |a 639 с. 
225 1 |a Библиотека всемирной литературы 
330 |a Франц Кафка — возможно, самая странная фигура европейской литературы XX столетия. Критики привязывают его ко всем литературным направлениям по очереди, называя и основоположником абсурдизма, и классиком магического реализма, и мастером модернизма, и предшественником экзистенциалистов. Его герои ищут ответы на незаданные вопросы, блуждая в тумане, на грани реальности, пустоты и ужаса, приковывая к себе взгляды все новых поколений читателей. В сборнике представлены самые известные произведения великого австрийца. 
606 1 |a Немецкая литература  |2 stltpush  |3 (RuTPU)RU\TPU\subj\45368  |9 64612 
610 1 |a проза 
610 1 |a рассказы 
675 |a 83  |v 4 
700 1 |a Кафка  |b Ф.  |c австрийский писатель  |f 1883-1924  |g Франц  |2 stltpush  |3 (RuTPU)RU\TPU\pers\494  |9 235 
801 1 |a RU  |b 63413507  |c 20180912 
801 2 |a RU  |b 63413507  |c 20181003  |g RCR 
942 |c BK